LEADER 00953naa a2200229 u 4500 001 000000094042 003 CaOOAMICUS 005 20070226130136.0 008 010725m19881991fr u000 u eng u 035 $a10898495 040 $aPUL(R)$bita 100 1 $aDyer, Adair,$d1936-$0(OLS)http://pul/name/60402 245 10$aUnfair competition in private international law /$cAdair Dyer. 260 $a[S. l. :$bs. n.],$c1988-1991. 300 $aP. [373-446] 504 $aBibliografia in nota. 650 4$aDiritto internazionale privato.$0(OLS)http://pul/subject/2921 650 4$aDiritto commerciale internazionale.$0(OLS)http://pul/subject/25158 773 0 $tRecueil des cours$gv.IV (1988) 773 0 $tRecueil des cours 1988 : collected courses of The Hague Academy of International Law$w()60495 996 $6245$aUnfair competition in private international law$9(OLS)http://pul/title/120898 996 $6260$a[S. l. :$bs. n.]$9(OLS)http://pul/publisher/47882 LEADER 01181nam a2200289 u 4500 001 000000063577 003 CaOOAMICUS 005 20070226121248.0 008 011030s1978 it u000 u ita u 035 $a10908373 040 $aPUL(R)$bita 041 1 $aita$hger 245 00$aDizionario di etica cristiana /$cedizione italiana a cura di Tullo Goffi. 260 $aAssisi :$bCittadella,$c1978. 300 $a486 p. ;$c20 cm 490 1 $aDizionari tascabili. 500 $aComprende indice. 500 $aIn testa al front.: "Diretto da Bernhard Stoeckle". 504 $aContiene indicazioni bibliografiche. 650 4$aTeologia morale$vDizionari.$0(OLS)http://pul/subject/1568 700 1 $aGoffi, Tullo,$csac.,$d1916-1996.$0(OLS)http://pul/name/3728 830 0$aDizionari tascabili (Cittadella).$0(OLS)http://pul/title/84763 850 $aPUL 852 $aPUL$W1$xSL Cons. Gen., Altre Classi 1$y1$m2011 F 16$j197909$nBK-PRI$b $qStampati$B82499$CPULBib$Z2$F82499 $H66502 $81 941 1 $a8 996 $6245$aDizionario di etica cristiana$9(OLS)http://pul/title/84765 996 $6260$aAssisi :$bCittadella$9(OLS)http://pul/publisher/49668